Možnosti financovania MSP z fondov EÚ bakalárska práca

Guardado en:
Detalles Bibliográficos
Autor principal: Burajová, Nikoleta
Autor Corporativo: Fakulta podnikového manažmentu EU. Katedra podnikovohospodárska
Otros Autores: Kinčáková, Michaela
Formato: Libro
Lenguaje:eslovaco
Publicado: Bratislava 2014
Etiquetas: Agregar Etiqueta
Sin Etiquetas, Sea el primero en etiquetar este registro!

MARC

LEADER 00000nbm a2200000 4500
001 0189640
005 20170201092725.1
041 0 |a slo 
044 |a SK 
245 1 0 |a Možnosti financovania MSP z fondov EÚ  |b bakalárska práca  |c Nikoleta Burajová ; školiteľ: Michaela Kinčáková 
264 1 |a Bratislava  |c 2014 
300 |a 44 s. 
100 1 |a Burajová, Nikoleta 
700 1 |a Kinčáková, Michaela 
710 2 |a Fakulta podnikového manažmentu EU. Katedra podnikovohospodárska